| 000 | 00762nam a22002175i 4500 | ||
|---|---|---|---|
| 001 | 157288 | ||
| 003 | ES-MaACL | ||
| 005 | 20250814045709.0 | ||
| 008 | 000706s1889 fr |||| | fre d | ||
| 040 |
_aCCPB | B _bspa _cCCPB | B |
||
| 100 | 1 |
_aLaurent, H. _970629 |
|
| 245 | 1 | 0 |
_aTraité de mécanique rationnelle _b: a l'usage des candidats a la licence at à l'agrégatin / _cpar H. Laurent. |
| 250 | _a3e éd. | ||
| 260 |
_aParis : _bGauthier-Villars et Fils, _c1889. |
||
| 300 |
_av. ; _c23 cm. |
||
| 597 | 1 | _aVol. I (XIII, 364 p.) -- Vol. II (VIII, 352 p.) | |
| 650 | 0 | 7 |
_aMecánica _2embne _914869 |
| 752 |
_aFrancia - _dParís |
||
| 852 |
_aES-MaACL _jF-2789 _z-- Enc. pasta española _z-- Enc. 2 t. en 1 v. |
||
| 999 |
_c157288 _d157288 |
||